[Event "HUN-chT2 Szechenyi 1516"]
[Site "Hungary"]
[Date "2015.12.06"]
[Round "6.5"]
[White "Parragi, Istvan"]
[Black "Kurcsics, Mate"]
[Result "1-0"]
[WhiteElo "1947"]
[BlackElo "1916"]
[PlyCount "59"]
[EventDate "2015.09.13"]
[EventType "team-tourn"]
[EventRounds "11"]
[EventCountry "HUN"]
[SourceTitle "CBM 170 Extra"]
[Source "ChessBase"]
[SourceDate "2016.02.25"]
[SourceVersion "1"]
[SourceVersionDate "2016.02.25"]
[SourceQuality "1"]
[WhiteTeam "Zala Volan"]
[BlackTeam "Lovo"]
[WhiteTeamCountry "HUN"]
[BlackTeamCountry "HUN"]

1. d4 Nf6 2. c4 e6 3. Nc3 b6 4. e4 Bb4 5. Bd3 Bb7 6. f3 0-0 7. Nge2 d5 8. cxd5 exd5 9. e5 Nfd7 10. a3 Be7 11. 0-0 c5 12. f4 cxd4 13. Nxd4 Bc5 14. Nce2 Nc6 15. Be3 Nxd4 16. Nxd4 a5 17. Qh5 g6 18. Qh6 f5 19. b4 axb4 20. axb4 Bxd4 21. Bxd4 Qe7 22. Rxa8 Bxa8 23. Rb1 Bb7 24. Bb5 Ra8 25. Bxd7 Qxd7 26. e6 Qe7 27. h4 Ra2 28. Rc1 Ra8 29. Rc3 Rc8 30. Rg3 1-0

[Event "HUN-chT2 Szechenyi 1516"]
[Site "Hungary"]
[Date "2015.10.18"]
[Round "3.5"]
[White "Kurcsics, Mate"]
[Black "Lang, Gusztav"]
[Result "1-0"]
[WhiteElo "1916"]
[BlackElo "1935"]
[PlyCount "85"]
[EventDate "2015.09.13"]
[EventType "team-tourn"]
[EventRounds "11"]
[EventCountry "HUN"]
[SourceTitle "CBM 170 Extra"]
[Source "ChessBase"]
[SourceDate "2016.02.25"]
[SourceVersion "1"]
[SourceVersionDate "2016.02.25"]
[SourceQuality "1"]
[WhiteTeam "Lovo"]
[BlackTeam "Sarvar"]
[WhiteTeamCountry "HUN"]
[BlackTeamCountry "HUN"]

1. e4 c5 2. Nf3 d6 3. Bb5+ Bd7 4. Bxd7+ Qxd7 5. 0-0 Nc6 6. d4 cxd4 7. Nxd4 Nf6 8. Nxc6 Qxc6 9. f3 e6 10. Be3 Be7 11. Nc3 0-0 12. Qd3 Rfd8 13. Nb5 a6 14. Nd4 Qc7 15. c4 d5 16. cxd5 exd5 17. Qb3 Rd7 18. Rac1 Qe5 19. exd5 Nxd5 20. Bf2 Nf4 21. Rfe1 Qg5 22. g3 Nh3+ 23. Kf1 Nxf2 24. Ne6 Qf6 25. Nc7 Rad8 26. Kxf2 Rd2+ 27. Re2 Qd4+ 28. Qe3 Rxe2+ 29. Kxe2 Qxb2+ 30. Ke1 Bb4+ 31. Kf1 Bd2 32. Rd1 g6 33. Qe2 Qd4 34. Ne8 Qd3 35. Qxd3 Rxd3 36. Nf6+ Kg7 37. Ne4 Rxf3+ 38. Kg2 Re3 39. Nxd2 Rc3 40. Nb3 a5 41. Rd2 a4 42. Nd4 a3 43. Nb5 1-0

[Event "HUN-chT2 Szechenyi 1516"]
[Site "Hungary"]
[Date "2015.10.04"]
[Round "2.6"]
[White "Kurcsics, Mate"]
[Black "Solymosi, Istvan"]
[Result "0-1"]
[WhiteElo "1916"]
[BlackElo "2095"]
[PlyCount "112"]
[EventDate "2015.09.13"]
[EventType "team-tourn"]
[EventRounds "11"]
[EventCountry "HUN"]
[SourceTitle "CBM 170 Extra"]
[Source "ChessBase"]
[SourceDate "2016.02.25"]
[SourceVersion "1"]
[SourceVersionDate "2016.02.25"]
[SourceQuality "1"]
[WhiteTeam "Lovo"]
[BlackTeam "Gyor Elektromos"]
[WhiteTeamCountry "HUN"]
[BlackTeamCountry "HUN"]

1. e4 c5 2. Nf3 e6 3. Nc3 a6 4. a4 Qc7 5. Bc4 b6 6. 0-0 Bb7 7. d3 d6 8. Ng5 Nf6 9. f4 h6 10. Nf3 d5 11. exd5 exd5 12. Qe2+ Be7 13. Ba2 0-0 14. Ne5 Bd6 15. Qf3 d4 16. Nd5 Nxd5 17. Bxd5 Bxd5 18. Qxd5 Ra7 19. Ng4 Qc6 20. Qf5 Qd7 21. Qh5 f5 22. Nxh6+ gxh6 23. Qg6+ Qg7 24. Qxd6 Nd7 25. Rf3 Rf6 26. Qd5+ Qf7 27. Qxf7+ Kxf7 28. Bd2 Re6 29. Re1 Rxe1+ 30. Bxe1 b5 31. a5 Nb8 32. Rh3 Re7 33. Kf1 Re6 34. Rh5 Kg6 35. g4 Rf6 36. Rxh6+ Kxh6 37. g5+ Kg6 38. gxf6 Kxf6 39. b4 cxb4 40. Bxb4 Nc6 41. Bc5 Kg6 42. Ke2 Kh5 43. Bb6 Kg4 44. Bc7 Kh3 45. Kd2 Kxh2 46. c3 Kg3 47. Be5 dxc3+ 48. Kxc3 Kf3 49. Bd6 Ke3 50. Bc7 Ne7 51. Bb6+ Kxf4 52. Kd4 Kg4 53. Ke5 f4 54. d4 f3 55. d5 b4 56. Kd4 f2 0-1

[Event "HUN-chT2 Szechenyi 1516"]
[Site "Hungary"]
[Date "2015.09.13"]
[Round "1.4"]
[White "Paksa, Rudolf"]
[Black "Kurcsics, Mate"]
[Result "1-0"]
[WhiteElo "2097"]
[BlackElo "1916"]
[PlyCount "105"]
[EventDate "2015.09.13"]
[EventType "team-tourn"]
[EventRounds "11"]
[EventCountry "HUN"]
[SourceTitle "CBM 170 Extra"]
[Source "ChessBase"]
[SourceDate "2016.02.25"]
[SourceVersion "1"]
[SourceVersionDate "2016.02.25"]
[SourceQuality "1"]
[WhiteTeam "Ajka Banyasz"]
[BlackTeam "Lovo"]
[WhiteTeamCountry "HUN"]
[BlackTeamCountry "HUN"]

1. e4 c5 2. Nf3 Nc6 3. Bb5 g6 4. 0-0 Bg7 5. c3 Nf6 6. Re1 0-0 7. d4 cxd4 8. cxd4 a6 9. Bf1 d6 10. h3 b5 11. Nc3 Bb7 12. a3 Rc8 13. Bf4 Na5 14. Nd2 Nd7 15. Be3 Nb6 16. Rc1 Nbc4 17. Nxc4 Nxc4 18. Bxc4 Rxc4 19. Qd3 Qa5 20. Ne2 Rfc8 21. Bd2 Qb6 22. b3 Rxc1 23. Rxc1 Rxc1+ 24. Bxc1 Qc6 25. f3 Kf8 26. Be3 d5 27. e5 Ke8 28. g4 e6 29. Bd2 Bf8 30. Bb4 Bxb4 31. axb4 Qc7 32. Qd2 Qe7 33. Kg2 f6 34. exf6 Qxf6 35. Qh6 Qe7 36. Qf4 Bc8 37. Qe5 Kd7 38. Nf4 Qd6 39. Qe3 Ke7 40. Nd3 Kf6 41. Qh6 Qe7 42. Ne5 Qxb4 43. Qf4+ Kg7 44. Qf7+ Kh8 45. h4 a5 46. Qe8+ Kg7 47. Qxc8 Qe7 48. g5 a4 49. bxa4 bxa4 50. Nc6 Qf8 51. Qxe6 Qf4 52. Qe5+ Qxe5 53. dxe5 1-0

[Event "Level op-A 3rd"]
[Site "Level"]
[Date "2015.03.28"]
[Round "5"]
[White "Csuta, Akos Koppany"]
[Black "Kurcsics, Mate"]
[Result "1/2-1/2"]
[WhiteElo "2011"]
[BlackElo "1884"]
[PlyCount "84"]
[EventDate "2015.03.27"]
[EventType "swiss"]
[EventRounds "7"]
[EventCountry "HUN"]
[SourceTitle "EXT 2020"]
[Source "ChessBase"]
[SourceDate "2019.10.17"]
[SourceVersion "1"]
[SourceVersionDate "2019.10.17"]
[SourceQuality "1"]

1. e4 e5 2. Nf3 Nc6 3. Bb5 Bc5 4. 0-0 d6 5. c3 a6 6. Ba4 b5 7. Bb3 Be6 8. Bc2 Bg4 9. d3 Nge7 10. Be3 Bxe3 11. fxe3 0-0 12. Qe1 f5 13. Bb3+ Kh8 14. Ng5 Qe8 15. Ne6 Rf6 16. Nxc7 Qh5 17. Nxa8 Rh6 18. Qg3 g5 19. Nd2 f4 20. exf4 gxf4 21. Rxf4 exf4 22. Qxf4 Be6 23. Bxe6 Rxe6 24. Nc7 Ng6 25. Qf3 Qc5+ 26. Qf2 Qxf2+ 27. Kxf2 Rf6+ 28. Ke3 Nge5 29. h3 Rg6 30. Rg1 Rg3+ 31. Ke2 Nxd3 32. Nf1 Nf4+ 33. Kf2 Rg7 34. Ke3 Rxc7 35. Kxf4 Ne5 36. Kf5 Nd3 37. Ne3 Nxb2 38. Nd5 Rc4 39. Re1 Kg7 40. Ke6 Nd3 41. Re3 Nc5+ 42. Kf5 Nd7 1/2-1/2

[Event "HUN-chT4a 1415"]
[Site "Hungary"]
[Date "2015.03.08"]
[Round "6.2"]
[White "Kurcsics, Mate"]
[Black "Farkas, Gyula"]
[Result "0-1"]
[WhiteElo "1884"]
[BlackElo "2171"]
[PlyCount "112"]
[EventDate "2014.10.19"]
[EventType "team-tourn"]
[EventRounds "7"]
[EventCountry "HUN"]
[SourceTitle "EXT 2016"]
[Source "ChessBase"]
[SourceDate "2015.10.08"]
[SourceVersion "1"]
[SourceVersionDate "2015.10.08"]
[SourceQuality "1"]

1. e4 c5 2. Nf3 Nc6 3. Bc4 e6 4. Nc3 a6 5. a4 Qc7 6. 0-0 Nf6 7. h3 Nd4 8. d3 b6 9. Be3 Nxf3+ 10. Qxf3 Bb7 11. Bf4 Bd6 12. Bxd6 Qxd6 13. Qg3 Qxg3 14. fxg3 d6 15. Rae1 Nd7 16. Rd1 Rc8 17. d4 cxd4 18. Rxd4 Ne5 19. Bb3 Ke7 20. Rfd1 Rc6 21. Na2 Rd8 22. Kf2 Rc5 23. Nc3 Nc6 24. R4d2 Na5 25. Ba2 Re5 26. b4 Nc6 27. b5 Nb4 28. bxa6 Bxa6 29. Rb1 Nxa2 30. Nxa2 Rb8 31. Rd4 Rc5 32. Nb4 Bb7 33. Rbd1 Rd8 34. Ke3 e5 35. Nd5+ Bxd5 36. Rxd5 Rxc2 37. Rb5 Ra2 38. Rxb6 Rxa4 39. Rf1 Ra3+ 40. Ke2 Rd7 41. g4 f6 42. Rd1 Ra5 43. Kf3 d5 44. exd5 Raxd5 45. Rc1 Rd3+ 46. Kf2 Rd2+ 47. Kg3 Kf7 48. Rc5 Re2 49. Kf3 Ra2 50. Rc3 Kg6 51. Kg3 Rdd2 52. Rc7 Rxg2+ 53. Kh4 Kh6 54. g5+ Rxg5 55. Rc4 Rg1 56. Re4 g5# 0-1

[Event "HUN-chT2 Szechenyi 1415"]
[Site "Hungary"]
[Date "2014.12.14"]
[Round "6.6"]
[White "Domonkos, Tamas"]
[Black "Kurcsics, Mate"]
[Result "0-1"]
[WhiteElo "1924"]
[BlackElo "1938"]
[PlyCount "76"]
[EventDate "2014.09.07"]
[EventType "team-tourn"]
[EventRounds "11"]
[EventCountry "HUN"]
[SourceTitle "EXT 2016"]
[Source "ChessBase"]
[SourceDate "2015.10.08"]
[SourceVersion "1"]
[SourceVersionDate "2015.10.08"]
[SourceQuality "1"]
[WhiteTeam "Tapolca"]
[BlackTeam "Lovo"]
[WhiteTeamCountry "HUN"]
[BlackTeamCountry "HUN"]

1. c4 Nf6 2. Nc3 e6 3. g3 b6 4. Bg2 Nc6 5. Nf3 Bb7 6. d4 Bb4 7. 0-0 Bxc3 8. bxc3 Na5 9. Nd2 Bxg2 10. Kxg2 d5 11. Qa4+ Qd7 12. Qxd7+ Kxd7 13. cxd5 Nxd5 14. Bb2 Rac8 15. c4 Ne7 16. e4 f6 17. Bc3 Nb7 18. a4 a6 19. Rfb1 Rb8 20. a5 Nxa5 21. Bxa5 bxa5 22. Rxa5 Rxb1 23. Nxb1 Nc6 24. Rxa6 Nxd4 25. Nc3 Rb8 26. Na4 Nb3 27. f4 Rb4 28. Ra7 Kc8 29. c5 Kb8 30. Ra6 Kb7 31. Rxe6 Rxa4 32. c6+ Kb6 33. e5 fxe5 34. Rxe5 Ra2+ 35. Kh3 Nd4 36. Re7 h5 37. g4 hxg4+ 38. Kxg4 Rxh2 0-1

[Event "HUN-chT4a 1415"]
[Site "Hungary"]
[Date "2014.12.07"]
[Round "3.3"]
[White "Hadrik, Csaba"]
[Black "Kurcsics, Mate"]
[Result "0-1"]
[WhiteElo "1964"]
[BlackElo "1884"]
[PlyCount "98"]
[EventDate "2014.10.19"]
[EventType "team-tourn"]
[EventRounds "7"]
[EventCountry "HUN"]
[SourceTitle "EXT 2016"]
[Source "ChessBase"]
[SourceDate "2015.10.08"]
[SourceVersion "1"]
[SourceVersionDate "2015.10.08"]
[SourceQuality "1"]

1. Nf3 c5 2. b3 g6 3. Bb2 Nf6 4. g3 Bg7 5. Bg2 0-0 6. 0-0 Nc6 7. e3 d6 8. d4 Bg4 9. h3 Bxf3 10. Bxf3 cxd4 11. exd4 d5 12. Re1 e6 13. Na3 Qa5 14. c3 Rac8 15. Nc2 a6 16. Qe2 b5 17. b4 Qb6 18. a4 bxa4 19. Rxa4 a5 20. Rea1 axb4 21. Nxb4 Nxb4 22. Rxb4 Qc7 23. Qa6 Rb8 24. Raa4 Nd7 25. Qa7 Qxa7 26. Rxa7 Nb6 27. Be2 Rfc8 28. Ba6 Rd8 29. Rc7 Bf8 30. Rb5 Nc4 31. Bb7 Bd6 32. Rc6 Kg7 33. Ba6 Rxb5 34. Bxb5 Nxb2 35. Kf1 Be7 36. Ke2 Rb8 37. c4 dxc4 38. Bxc4 Nxc4 39. Rxc4 Rb4 40. Rc7 Bf6 41. f4 Bxd4 42. Kf3 Rb3+ 43. Kg2 e5 44. Rd7 Rb4 45. fxe5 Bxe5 46. g4 Rb3 47. Rd5 Kf6 48. g5+ Ke6 49. Ra5 Rg3+ 0-1

[Event "HUN-chT2 Szechenyi 1415"]
[Site "Hungary"]
[Date "2014.11.30"]
[Round "5.7"]
[White "Hadrik, Csaba"]
[Black "Kurcsics, Mate"]
[Result "1/2-1/2"]
[WhiteElo "1955"]
[BlackElo "1938"]
[PlyCount "80"]
[EventDate "2014.09.07"]
[EventType "team-tourn"]
[EventRounds "11"]
[EventCountry "HUN"]
[SourceTitle "EXT 2016"]
[Source "ChessBase"]
[SourceDate "2015.10.08"]
[SourceVersion "1"]
[SourceVersionDate "2015.10.08"]
[SourceQuality "1"]
[WhiteTeam "Sarvar"]
[BlackTeam "Lovo"]
[WhiteTeamCountry "HUN"]
[BlackTeamCountry "HUN"]

1. Nf3 c5 2. g3 g6 3. Bg2 Bg7 4. c4 Nc6 5. Nc3 Nf6 6. b3 0-0 7. Bb2 d6 8. 0-0 Bf5 9. Nh4 Bd7 10. e3 Qc8 11. d3 Bg4 12. Qd2 Bh3 13. f4 Bxg2 14. Kxg2 Qd7 15. Rad1 d5 16. cxd5 Nxd5 17. Nxd5 Qxd5+ 18. e4 Qd6 19. Bxg7 Kxg7 20. f5 h6 21. g4 g5 22. f6+ Kh7 23. fxe7 Nxe7 24. Nf5 Nxf5 25. Rxf5 f6 26. Rdf1 b6 27. Qc3 Kg7 28. Rd5 Qe6 29. h3 Rad8 30. Rff5 Qe7 31. Qc4 Rxd5 32. Rxd5 Rd8 33. Kf3 Qc7 34. Rxd8 Qxd8 35. Qd5 Qc7 36. Qf5 Qd6 37. Qd5 Qf4+ 38. Ke2 Qh2+ 39. Ke1 Qg1+ 40. Ke2 Qg2+ 1/2-1/2

[Event "HUN-chT2 Szechenyi 1415"]
[Site "Hungary"]
[Date "2014.09.21"]
[Round "2.7"]
[White "Kurcsics, Mate"]
[Black "Gabor, Attila"]
[Result "1/2-1/2"]
[WhiteElo "1938"]
[BlackElo "1855"]
[PlyCount "120"]
[EventDate "2014.09.07"]
[EventType "team-tourn"]
[EventRounds "11"]
[EventCountry "HUN"]
[SourceTitle "EXT 2016"]
[Source "ChessBase"]
[SourceDate "2015.10.08"]
[SourceVersion "1"]
[SourceVersionDate "2015.10.08"]
[SourceQuality "1"]
[WhiteTeam "Lovo"]
[BlackTeam "Arboretum"]
[WhiteTeamCountry "HUN"]
[BlackTeamCountry "HUN"]

1. e4 e5 2. Nf3 Nc6 3. Bc4 Be7 4. 0-0 Nf6 5. Nc3 0-0 6. d3 d6 7. h3 Na5 8. Bb3 Nxb3 9. axb3 h6 10. Nh2 d5 11. exd5 Nxd5 12. Qh5 Nf4 13. Bxf4 exf4 14. Nd5 Bg5 15. Qf3 Qd6 16. Nc3 c6 17. Ne4 Qg6 18. Nxg5 hxg5 19. Rfe1 Be6 20. Qe4 Qh5 21. Qe5 Bd5 22. c4 Be6 23. Qc7 f3 24. Nxf3 Bxh3 25. gxh3 Qxf3 26. Re3 Qf6 27. Qe5 Qxe5 28. Rxe5 f6 29. Re7 Rf7 30. Rae1 Kf8 31. R7e3 Rd7 32. b4 Rad8 33. Ra1 a6 34. Ra3 Kf7 35. Kf1 Kg6 36. Ke2 Kh5 37. Ra5 g6 38. Rc5 Kh4 39. b5 axb5 40. cxb5 Rd6 41. bxc6 bxc6 42. Rc4+ Kh5 43. Re7 Kh6 44. Rc3 f5 45. Rc7 Re8+ 46. Kd2 Ree6 47. Ra3 g4 48. hxg4 fxg4 49. Rf7 Re5 50. Rc3 Rf5 51. Rxf5 gxf5 52. Ke2 Kg5 53. Kf1 Kh4 54. Kg2 f4 55. f3 g3 56. Rc4 Kg5 57. Rc5+ Kf6 58. b4 Ke7 59. b5 cxb5 60. Rxb5 Rxd3 1/2-1/2

[Event "Gyor op-A 5th"]
[Site "Gyor"]
[Date "2014.07.13"]
[Round "9"]
[White "Csuta, Akos Koppany"]
[Black "Kurcsics, Mate"]
[Result "1-0"]
[WhiteElo "1814"]
[BlackElo "1953"]
[PlyCount "55"]
[EventDate "2014.07.09"]
[EventType "swiss"]
[EventRounds "9"]
[EventCountry "HUN"]
[SourceTitle "EXT 2016"]
[Source "ChessBase"]
[SourceDate "2015.10.08"]
[SourceVersion "1"]
[SourceVersionDate "2015.10.08"]
[SourceQuality "1"]

1. e4 c5 2. Nf3 Nc6 3. d4 cxd4 4. Nxd4 g6 5. Nc3 Bg7 6. Be3 Nf6 7. Bc4 0-0 8. Bb3 d6 9. f3 Bd7 10. Qd2 Ne5 11. 0-0-0 Rc8 12. g4 b5 13. h4 Qa5 14. h5 Nc4 15. Bxc4 Rxc4 16. hxg6 fxg6 17. Nb3 Qc7 18. e5 b4 19. exf6 bxc3 20. Qd5+ e6 21. Qxd6 cxb2+ 22. Kb1 Rxf6 23. Qxd7 Rxc2 24. g5 Rxf3 25. Qxe6+ Kh8 26. Qe8+ Rf8 27. Qxg6 Rh2 28. Qe4 1-0

[Event "Gyor op-A 5th"]
[Site "Gyor"]
[Date "2014.07.12"]
[Round "6"]
[White "Kurcsics, Mate"]
[Black "Horvath, Tamas"]
[Result "1-0"]
[WhiteElo "1953"]
[BlackElo "2178"]
[PlyCount "67"]
[EventDate "2014.07.09"]
[EventType "swiss"]
[EventRounds "9"]
[EventCountry "HUN"]
[SourceTitle "EXT 2016"]
[Source "ChessBase"]
[SourceDate "2015.10.08"]
[SourceVersion "1"]
[SourceVersionDate "2015.10.08"]
[SourceQuality "1"]

1. e4 c5 2. Nf3 d6 3. Bb5+ Bd7 4. Bxd7+ Qxd7 5. 0-0 Nc6 6. d3 g6 7. Nc3 Bg7 8. Bf4 e5 9. Be3 Nge7 10. h3 0-0 11. Nh2 f5 12. f4 exf4 13. Bxf4 Nd4 14. exf5 gxf5 15. Nf3 b5 16. Rb1 b4 17. Ne2 Ne6 18. Ng5 Nd5 19. Nxe6 Qxe6 20. Qd2 Rae8 21. Rfe1 Qg6 22. c4 bxc3 23. bxc3 Rxe2 24. Rxe2 Nxc3 25. Rbe1 Nxe2+ 26. Qxe2 Bd4+ 27. Kh1 Rb8 28. Qe7 Rf8 29. Bxd6 Rf7 30. Qd8+ Kg7 31. Re8 Qf6 32. Rg8+ Kh6 33. Bf4+ Kh5 34. g4+ 1-0

[Event "Gyor op-A 5th"]
[Site "Gyor"]
[Date "2014.07.11"]
[Round "4"]
[White "Takacs, Laszlo"]
[Black "Kurcsics, Mate"]
[Result "1-0"]
[WhiteElo "2141"]
[BlackElo "1953"]
[PlyCount "63"]
[EventDate "2014.07.09"]
[EventType "swiss"]
[EventRounds "9"]
[EventCountry "HUN"]
[SourceTitle "EXT 2016"]
[Source "ChessBase"]
[SourceDate "2015.10.08"]
[SourceVersion "1"]
[SourceVersionDate "2015.10.08"]
[SourceQuality "1"]

1. e4 c5 2. Nf3 Nc6 3. d4 cxd4 4. Nxd4 g6 5. c4 d6 6. Be3 Bg7 7. Nc3 Nf6 8. Be2 0-0 9. 0-0 Nxd4 10. Bxd4 Bd7 11. f3 a6 12. Nd5 Nxd5 13. exd5 Bxd4+ 14. Qxd4 Qa5 15. b4 Qxb4 16. Rfb1 Qa4 17. Bd1 Qa5 18. Qe3 b5 19. Bc2 Rfe8 20. cxb5 axb5 21. Kh1 Rac8 22. Bb3 Rc3 23. Qf4 Bf5 24. Rc1 Rec8 25. Re1 R8c7 26. h4 b4 27. h5 Bc2 28. h6 f6 29. Qg4 f5 30. Qd4 e5 31. dxe6 Re7 32. Qg7+ 1-0

[Event "HUN-chT4 1314"]
[Site "Hungary"]
[Date "2014.05.04"]
[Round "10.3"]
[White "Egyed, Ferenc"]
[Black "Kurcsics, Mate"]
[Result "1/2-1/2"]
[WhiteElo "1811"]
[BlackElo "1910"]
[PlyCount "67"]
[EventDate "2013.10.13"]
[EventType "team-tourn"]
[EventRounds "11"]
[EventCountry "HUN"]
[SourceTitle "EXT 2016"]
[Source "ChessBase"]
[SourceDate "2015.10.08"]
[SourceVersion "1"]
[SourceVersionDate "2015.10.08"]
[SourceQuality "1"]

1. e4 c5 2. f4 d6 3. Nf3 g6 4. Bc4 Bg7 5. 0-0 Nf6 6. d3 0-0 7. Nc3 Nc6 8. a3 a6 9. Nd5 Nxd5 10. Bxd5 Qb6 11. Kh1 Bg4 12. c3 e6 13. Ba2 Qd8 14. h3 Bxf3 15. Qxf3 Ne7 16. Be3 b5 17. d4 cxd4 18. Bxd4 Bxd4 19. cxd4 Qb6 20. Qd3 Rac8 21. Rac1 Rc6 22. Rxc6 Qxc6 23. Rd1 d5 24. exd5 Nxd5 25. Bxd5 exd5 26. Kh2 Re8 27. f5 Re4 28. fxg6 hxg6 29. Rd2 Qe6 30. Qf3 Qb6 31. Qc3 Kg7 32. Qd3 Qd6+ 33. Qg3 Qf6 34. Qf3 1/2-1/2